Títulos do Corinthians por ano - Statistics

Estatísticas Gerais
  • Esse quiz foi jogado 120 vezes
  • A pontuação média é 37 de 53
Estatísticas das Respostas
Hint Resposta % Correto
1914 Campeonato Paulista
94%
1916 Campeonato Paulista
94%
1922 Campeonato Paulista
93%
1923 Campeonato Paulista
93%
1924 Campeonato Paulista
93%
1928 Campeonato Paulista
93%
1937 Campeonato Paulista
93%
1938 Campeonato Paulista
93%
1939 Campeonato Paulista
93%
1941 Campeonato Paulista
93%
1951 Campeonato Paulista
93%
1952 Campeonato Paulista
93%
1950 Torneio Rio-São Paulo
93%
1929 Campeonato Paulista
92%
1930 Campeonato Paulista
92%
1954 Campeonato Paulista
79%
2012 Copa Libertadores da América
71%
2012 Mundial de Clubes da FIFA
70%
1990 Campeonato Brasileiro
69%
2005 Campeonato Brasileiro
69%
2000 Mundial de Clubes da FIFA
69%
1953 Torneio Rio-São Paulo
68%
2009 Campeonato Paulista
67%
2013 Campeonato Paulista
67%
1954 Torneio Rio-São Paulo
65%
2015 Campeonato Brasileiro
64%
2017 Campeonato Brasileiro
64%
2003 Campeonato Paulista
64%
2025 Campeonato Paulista
64%
2009 Copa do Brasil
64%
2011 Campeonato Brasileiro
63%
2001 Campeonato Paulista
63%
2017 Campeonato Paulista
63%
2008 Campeonato Brasileiro - Série B
62%
1977 Campeonato Paulista
62%
1995 Campeonato Paulista
62%
2018 Campeonato Paulista
62%
1979 Campeonato Paulista
61%
2019 Campeonato Paulista
61%
1999 Campeonato Brasileiro
60%
1982 Campeonato Paulista
60%
1983 Campeonato Paulista
60%
1988 Campeonato Paulista
60%
1999 Campeonato Paulista
60%
1995 Copa do Brasil
60%
1997 Campeonato Paulista
58%
2013 Recopa Sul-Americana
58%
1998 Campeonato Brasileiro
56%
2002 Copa do Brasil
56%
2002 Torneio Rio-São Paulo
42%
1991 Supercopa Rei
38%
1966 Torneio Rio-São Paulo
37%
1962 Copa Paulista
7%
Nenhum quiz correspondente encontrado
Distribuição das Pontuações
Porcentagem de Pessoas com Cada Pontuação
Percentil de Números Respondidos
Sua Pontuação Histórica
Você não jogou esse quiz